Drapeaux de pays du monde #5 - Statistiques

Statistiques générales
  • Ce quiz a été pris 255 fois
  • Le résultat moyen est 13 sur 18
Statistiques - réponses
Par images Réponse % Correct
Egypte
97%
Pologne
97%
Autriche
92%
Iran
90%
Monaco
90%
Indonésie
85%
Pérou
85%
Irak
84%
Emirats Arabes Unis
76%
Jordanie
68%
Syrie
67%
Barbade
66%
Yémen
66%
Soudan
63%
Koweït
57%
Malawi
48%
Tadjikistan
48%
Antigua-et-Barbuda
47%
Aucun quiz correspondant
Distribution des résultats
% des personnes avec chaque résultat
Percentile par nombre de réponses
Votre historique - résultats
Vous n’avez pas pris ce quiz